[Event "XLI MIEDZYNARODOWY MEMORIAL LUDWIKA ZAMENHOFA 2022 - open A"]
[Site "Bialystok"]
[Date "1899-12-30"]
[Round "5.8"]
[White "Chomczyk, Marek"]
[Black "Azarov, Sergei"]
[Result "0-1"]
[WhiteTitle "k++"]
[BlackTitle "GM"]
[WhiteElo "2327"]
[BlackElo "2562"]

1. e4 e5 2. Nf3 Nc6 3. Bc4 Bc5 4. c3 Nf6 5. d4 exd4 6. e5 d5 7. Bb5 Ne4 8. cxd4
Bb4+ 9. Bd2 Nxd2 10. Bxc6+ bxc6 11. Nbxd2 O-O 12. O-O c5 13. a3 Bxd2 14. Qxd2
c4 15. Rac1 Rb8 16. Rc3 Bf5 17. Re1 a5 18. Re2 Rb6 19. Ne1 Qd7 20. Rg3 a4 21.
h4 Rfb8 22. h5 h6 23. Nf3 Qe6 24. Qa5 Bg4 25. Qxa4 Bxh5 26. Qa7 Qc6 27. e6 fxe6
28. Ne5 Qd6 29. Ree3 Rxb2 30. Rh3 Bg4 31. Rh4 Bf5 32. Rg3 Kh7 33. Qa4 Re2 34.
Nf3 c3 35. Ng5+ Kg8 36. Rxh6 Qxg3 37. Rh8+ Kxh8 38. fxg3 c2 39. Qc6 Re1+ 0-1

[Event "XLI MIEDZYNARODOWY MEMORIAL LUDWIKA ZAMENHOFA 2022 - open A"]
[Site "Bialystok"]
[Date "1899-12-30"]
[Round "5.9"]
[White "Janik, Igor"]
[Black "Risteski, Emil"]
[Result "1-0"]
[WhiteTitle "GM"]
[BlackTitle "FM"]
[WhiteElo "2536"]
[BlackElo "2373"]

1. d4 Nf6 2. c4 g6 3. Nf3 Bg7 4. g3 O-O 5. Bg2 d6 6. O-O c6 7. Nc3 Qb6 8. b3 e5
9. e3 e4 10. Nd2 d5 11. Ba3 Re8 12. Qc2 Be6 13. Rfc1 Na6 14. Rab1 Nb4 15. Bxb4
Qxb4 16. c5 h5 17. a4 h4 18. Rb2 hxg3 19. hxg3 Nh7 20. Ne2 Qa5 21. Nf4 Bg4 22.
Bh3 Bxh3 23. Nxh3 Qd8 24. Kg2 g5 25. Rh1 f5 26. b4 Re6 27. b5 Rg6 28. bxc6 bxc6
29. Rb7 Qf6 30. Qb3 Rf8 31. Rb8 f4 32. Nxe4 f3+ 33. Kg1 Qe6 34. Rxf8+ Bxf8 35.
Nexg5 Nxg5 36. Nf4 Qf5 37. Nxg6 Qxg6 38. Rh4 Qf5 39. e4 Nxe4 40. Rf4 Nd2 41. Qb8
Qb1+ 42. Qxb1 Nxb1 43. Rxf3 Nd2 44. Rf6 Be7 45. Rxc6 Nf3+ 46. Kg2 Nxd4 47. Rc8+
Kf7 48. c6 Ke6 49. c7 Kd7 50. Re8 1-0

[Event "XLI MIEDZYNARODOWY MEMORIAL LUDWIKA ZAMENHOFA 2022 - open A"]
[Site "Bialystok"]
[Date "1899-12-30"]
[Round "5.10"]
[White "Cukrowski, Filip"]
[Black "Kowalski, Igor"]
[Result "1/2-1/2"]
[WhiteTitle "FM"]
[BlackTitle "IM"]
[WhiteElo "2402"]
[BlackElo "2344"]

1. d4 d5 2. c4 c6 3. Nf3 Nf6 4. Nc3 dxc4 5. e3 b5 6. a4 Qb6 7. axb5 cxb5 8. b3
e6 9. bxc4 Bb4 10. Bd2 bxc4 11. Bxc4 O-O 12. O-O a5 13. Na4 Qd6 14. Bxb4 axb4
15. Nc5 Rxa1 16. Qxa1 Nfd7 17. Qa5 Nc6 18. Qb5 Nxc5 19. dxc5 Qc7 20. Nd4 Bb7 21.
Nxc6 Qxc6 22. f3 Rc8 1/2-1/2

[Event "XLI MIEDZYNARODOWY MEMORIAL LUDWIKA ZAMENHOFA 2022 - open A"]
[Site "Bialystok"]
[Date "1899-12-30"]
[Round "5.12"]
[White "Mis, Mieszko"]
[Black "Sliwicka, Alicja"]
[Result "1/2-1/2"]
[WhiteTitle "FM"]
[BlackTitle "WIM"]
[WhiteElo "2389"]
[BlackElo "2284"]

1. Nf3 d5 2. e3 Nf6 3. c4 e6 4. b3 Bd6 5. Bb2 Nbd7 6. Qc2 O-O 7. Nc3 a6 8. g3 dxc4
9. bxc4 b6 10. Bg2 Bb7 11. O-O Ra7 12. d3 Qa8 13. Ne1 Rd8 14. f4 Bxg2 15. Qxg2
Qxg2+ 16. Kxg2 b5 17. cxb5 Bc5 18. Kf3 axb5 19. Nxb5 Rb7 20. Bxf6 Nxf6 21. a4
c6 22. Na3 Rb3 23. Nc4 Nd5 24. Rc1 Bb4 25. Nc2 c5 26. Rfd1 Ra8 27. e4 Ne7 28.
Na1 Rc3 29. Rxc3 Bxc3 30. Rb1 Nc6 31. Nc2 h5 32. Rb5 Rxa4 33. Rxc5 Nd4+ 34. Nxd4
Bxd4 35. Rxh5 Ra2 36. h4 Rf2+ 37. Kg4 Rf1 38. Rb5 Rg1 39. Kf3 Rf1+ 40. Kg2 Rg1+
41. Kh2 Kh7 42. Nd6 f6 43. Ne8 Rd1 44. Rb7 Rd2+ 45. Kh1 Rxd3 46. Nxg7 e5 47. Ne8+
Kh6 48. Nd6 Kh5 49. Kg2 exf4 50. gxf4 Kg4 51. Nf5 Rd2+ 52. Kf1 Kf3 53. Nxd4+ Rxd4
54. Rb3+ 1/2-1/2

[Event "XLI MIEDZYNARODOWY MEMORIAL LUDWIKA ZAMENHOFA 2022 - open A"]
[Site "Bialystok"]
[Date "1899-12-30"]
[Round "5.13"]
[White "Szewczyk, Mariusz"]
[Black "Dvirnyy, Danyyil"]
[Result "1/2-1/2"]
[WhiteTitle "k"]
[BlackTitle "GM"]
[WhiteElo "2094"]
[BlackElo "2530"]

1. e4 c5 2. Nf3 d6 3. Bb5+ Nd7 4. O-O a6 5. Bd3 Ngf6 6. c3 b5 7. Bc2 Bb7 8. Qe2
e6 9. d4 Be7 10. Re1 O-O 11. Nbd2 Re8 12. Nf1 Qc7 13. Ng3 Bf8 14. Be3 a5 15. Rad1
b4 16. dxc5 Nxc5 17. Bd4 Nfd7 18. cxb4 axb4 19. Bb1 e5 20. Be3 g6 21. Qc4 Rab8
22. Ng5 Nf6 23. Bxc5 dxc5 24. Bc2 h6 25. Nf3 Nd7 26. b3 Ra8 27. Bb1 Nb6 28. Qe2
c4 29. bxc4 Na4 30. Rc1 Nc3 31. Qb2 Bc5 32. Nd2 Bd4 33. Qc2 Ra6 34. Ne2 Bxf2+
35. Kxf2 Qc5+ 36. Kf1 Rf6+ 37. Nf3 Bxe4 38. Qxe4 Nxe4 39. Bxe4 Ra6 40. Rc2 Rd8
41. Rec1 Qe3 42. Ng3 Rxa2 43. Re1 Qb3 44. Rxa2 Qxa2 45. Nxe5 b3 46. Ne2 Qb2 47.
Nf3 Re8 48. Bd3 Re3 49. Rd1 Rxd3 50. Rxd3 Qb1+ 51. Ne1 b2 52. Nc3 Qc1 53. c5 b1=Q
54. Nxb1 Qxb1 55. Rc3 Qb5+ 56. Kf2 Qc6 57. Nf3 Kf8 58. Nd4 Qe4 59. Ne2 Qf5+ 60.
Ke1 Ke7 61. c6 Kd8 62. c7+ Kc8 63. h4 Qe4 64. g3 f5 65. Kf2 g5 66. hxg5 hxg5 67.
Kf1 Qh1+ 68. Kf2 Qe4 69. Kf1 Qh1+ 70. Kf2 1/2-1/2

[Event "XLI MIEDZYNARODOWY MEMORIAL LUDWIKA ZAMENHOFA 2022 - open A"]
[Site "Bialystok"]
[Date "1899-12-30"]
[Round "5.14"]
[White "Olszewski, Michal"]
[Black "Waszczuk, Patrycja"]
[Result "1-0"]
[WhiteTitle "GM"]
[BlackTitle "WFM"]
[WhiteElo "2521"]
[BlackElo "2251"]

1. e4 c5 2. Nf3 e6 3. d4 cxd4 4. Nxd4 Nc6 5. Nc3 a6 6. Bf4 d6 7. Nxc6 bxc6 8. Qd2
d5 9. O-O-O Nf6 10. g4 Bb4 11. Bg2 Qa5 12. g5 Bxc3 13. Qxc3 Qxc3 14. bxc3 Nxe4
15. Bxe4 dxe4 16. Bd6 c5 17. Bxc5 Bb7 18. Rd4 Rc8 19. Rhd1 Bc6 20. Rb4 h6 21.
g6 fxg6 22. Rb6 Bd5 23. Bd6 a5 24. Rb5 a4 25. Ra5 Kd7 26. Be5 Rc4 27. Ra7+ Kc6
28. Rc7+ Kb5 29. Rxg7 Rf8 30. Rxg6 Rxf2 31. Rxh6 e3 32. Bd4 Be4 33. Kb2 Rxc2+
34. Ka1 Rd2 35. Rg1 e2 36. Rg5+ Kc6 37. Rxe6+ Kd7 38. Rxe4 Rd1+ 39. Kb2 e1=Q 40.
Rxe1 Rxe1 41. h4 Rh1 42. h5 Rc6 43. Bg7 Rc4 44. h6 Kc6 45. Ka3 Kb6 46. Bd4+ Ka6
47. Rg6+ Ka5 48. Rd6 Rh3 49. Rd5+ Ka6 50. Bg7 Kb6 51. Rd8 Rch4 52. Rb8+ Ka5 53.
Ra8+ Kb5 54. Ra7 Rh2 55. Rb7+ Ka5 56. Rb1 Rg4 57. Rf1 Rh5 58. Rf2 Rgh4 59. Rf7
Rh3 60. Ra7+ Kb5 61. Rxa4 Rxh6 62. Rb4+ Ka5 63. Bxh6 Rxc3+ 64. Rb3 Rc6 65. Bd2+
Ka6 66. Rh3 Ka7 67. Kb3 Rc8 68. Rh6 Rd8 69. Bb4 Rc8 70. a3 Re8 71. Kc4 Rc8+ 72.
Bc5+ Kb7 73. Kb5 Re8 74. Rh7+ Ka8 75. Ka6 Re6+ 76. Bb6 Re8 77. Ra7+ Kb8 78. Bc7+
Kc8 79. Ra8+ 1-0

[Event "XLI MIEDZYNARODOWY MEMORIAL LUDWIKA ZAMENHOFA 2022 - open A"]
[Site "Bialystok"]
[Date "1899-12-30"]
[Round "5.15"]
[White "Lukasiewicz, Krzysztof"]
[Black "Fus, Jakub"]
[Result "1/2-1/2"]
[WhiteTitle "FM"]
[BlackTitle "FM"]
[WhiteElo "2250"]
[BlackElo "2405"]

1. d4 Nf6 2. Bf4 e6 3. e3 c5 4. c3 Be7 5. Nd2 O-O 6. Bd3 b6 7. h3 cxd4 8. cxd4
Nd5 9. Bg3 Nb4 10. Bb1 Ba6 11. Ndf3 f5 12. Ne2 Qc8 13. a3 Nd5 14. O-O Nc6 15.
Re1 Bf6 16. e4 fxe4 17. Bxe4 Nce7 18. Rc1 Qd8 19. Qa4 Bb7 20. Ne5 Bxe5 21. Bxe5
Nf5 22. Nc3 Nxc3 23. Rxc3 Bxe4 24. Rxe4 d6 25. Bg3 Qe8 26. Qxe8 Raxe8 27. Rc6
Rd8 28. Re1 Nxg3 29. fxg3 Rf6 30. g4 h6 31. Kh2 Rd7 32. Kg3 Kf7 33. h4 Ke7 34.
Rc8 Kf7 35. Rc6 e5 36. dxe5 dxe5 37. Rc3 Ke6 38. Re2 Rf4 39. Rc6+ Kd5 40. Rg6
Re4 41. Rf2 Re3+ 42. Rf3 Ke4 43. h5 Rf7 44. g5 hxg5 45. Kg4 Re7 46. Rxg5 Re2 47.
Rg3 Re3 48. Rf3 Rd3 49. Rgf5 Rd2 50. Kg3 Rdd7 51. Rf1 Rd3+ 52. Kg4 Kd5 53. Rf7
Ke6 54. Rxe7+ Kxe7 55. Kf5 Rg3 56. Rf2 Kd6 57. Rd2+ Ke7 58. b4 e4 59. Re2 Kf7
60. Kxe4 Rxa3 61. Rc2 Kf6 62. Kf4 Rb3 63. Rc6+ Kf7 64. Kf5 Rxb4 65. Rc7+ Kg8 66.
Rxa7 Kh7 67. g4 1/2-1/2

[Event "XLI MIEDZYNARODOWY MEMORIAL LUDWIKA ZAMENHOFA 2022 - open A"]
[Site "Bialystok"]
[Date "1899-12-30"]
[Round "5.17"]
[White "Malisauskas, Vidmantas"]
[Black "Jarzebowski, Kacper"]
[Result "1-0"]
[WhiteTitle "GM"]
[BlackTitle "k+"]
[WhiteElo "2364"]
[BlackElo "2086"]

1. Nf3 Nf6 2. c4 d6 3. Nc3 g6 4. d4 Bg7 5. e4 O-O 6. h3 e5 7. d5 Nh5 8. g3 f5 9.
exf5 gxf5 10. Ng5 Nf6 11. Bg2 h6 12. Ne6 Bxe6 13. dxe6 c6 14. Qf3 Ne4 15. Nxe4
fxe4 16. Qxe4 Qf6 17. Be3 Qxe6 18. Qg4 Qf6 19. O-O Na6 20. Rad1 Rf7 21. Rd2 Kh8
22. Rfd1 Bf8 23. f4 Rg7 24. Qf3 Re8 25. fxe5 Qxf3 26. Bxf3 dxe5 27. Kg2 Bc5 28.
Bxh6 Rg6 29. Bh5 Kh7 30. Bxg6+ Kxg6 31. Rd6+ Bxd6 32. Rxd6+ Kf5 33. Kf3 Re6 34.
g4+ Kf6 35. Rxe6+ Kxe6 36. Be3 Nb4 37. a3 Nd3 38. b3 a5 39. a4 Ne1+ 40. Ke2 Ng2
41. Bg5 Kd5 1-0

[Event "XLI MIEDZYNARODOWY MEMORIAL LUDWIKA ZAMENHOFA 2022 - open A"]
[Site "Bialystok"]
[Date "1899-12-30"]
[Round "5.18"]
[White "Kubicka, Anna"]
[Black "Karolczuk, Iwo"]
[Result "0-1"]
[WhiteTitle "WIM"]
[BlackTitle "FM"]
[WhiteElo "2217"]
[BlackElo "2327"]

1. e4 c5 2. Nf3 d6 3. Bb5+ Nd7 4. d4 cxd4 5. Nxd4 Ngf6 6. O-O a6 7. Bd3 g6 8. c4
Nc5 9. Nc3 Nxd3 10. Qxd3 Bg7 11. b3 O-O 12. Bb2 Bd7 13. Rfe1 Rb8 14. a4 Bc6 15.
Nd5 Nd7 16. Rad1 Nc5 17. Qc2 e6 18. Nb4 Qb6 19. a5 Qc7 20. Bc3 Bxe4 21. Rxe4 Nxe4
22. Qxe4 d5 23. Qh4 dxc4 24. Ne2 Rfd8 25. Rf1 cxb3 26. Bxg7 Kxg7 27. Ng3 Qc5 28.
Qf4 Rbc8 29. Ne4 Qf5 30. Qe3 Rc4 31. Qb6 Qxe4 32. Qxd8 Rxb4 33. h4 b2 34. h5 h6
35. f3 Qd4+ 36. Qxd4+ Rxd4 37. Rb1 Rb4 38. hxg6 Kxg6 39. Kf2 f5 40. Ke3 e5 41.
Kd3 Kg5 42. Kc3 Rb5 43. g3 h5 44. Kc2 f4 45. gxf4+ Kxf4 46. Kd3 h4 47. Kc2 h3
48. Kd3 h2 49. Kd4 0-1

[Event "XLI MIEDZYNARODOWY MEMORIAL LUDWIKA ZAMENHOFA 2022 - open A"]
[Site "Bialystok"]
[Date "1899-12-30"]
[Round "5.19"]
[White "Czernek, Tymon"]
[Black "Sowinski, Pawel"]
[Result "1/2-1/2"]
[WhiteTitle "FM"]
[BlackTitle "k"]
[WhiteElo "2302"]
[BlackElo "2064"]

1. e4 d6 2. d4 Nf6 3. Nc3 e5 4. Nf3 Nbd7 5. Bc4 Be7 6. O-O O-O 7. a4 c6 8. Ba2
exd4 9. Qxd4 Qb6 10. a5 Qxd4 11. Nxd4 Re8 12. Re1 Bf8 13. Bg5 h6 14. Bh4 g5 15.
Bg3 Nh5 16. Rad1 Ne5 17. a6 Nf4 18. Bxf4 gxf4 19. axb7 Bxb7 20. f3 Rad8 21. Nce2
Ng6 22. Nf5 Re5 23. h4 d5 24. h5 Bc5+ 25. Kh2 Ne7 26. Nxe7+ Bxe7 27. Nxf4 dxe4
28. Rxd8+ Bxd8 29. Rxe4 Bc7 30. g3 Rxe4 31. fxe4 Bc8 32. Bc4 Bxf4 33. gxf4 Bg4
34. Kg3 Bxh5 35. f5 Kg7 36. e5 f6 37. e6 Kf8 38. b4 Ke7 39. Kf4 Kd6 40. Bd3 c5
41. c3 cxb4 42. cxb4 Bd1 43. Be4 Be2 44. Bf3 Bd3 45. Bh5 Bc2 46. Bg6 Bd1 47. Kg3
Be2 48. Kh4 Bd1 49. Bh5 Ba4 50. Bg4 Be8 51. Bh5 Ba4 52. Bg4 Be8 53. Bh5 Ba4 1/2-1/2

[Event "XLI MIEDZYNARODOWY MEMORIAL LUDWIKA ZAMENHOFA 2022 - open A"]
[Site "Bialystok"]
[Date "1899-12-30"]
[Round "5.20"]
[White "Paszewski, Mateusz"]
[Black "Wikar, Martyna"]
[Result "1/2-1/2"]
[WhiteTitle "FM"]
[BlackTitle "WFM"]
[WhiteElo "2282"]
[BlackElo "2185"]

1. Nf3 f5 2. d3 Nf6 3. e4 d6 4. exf5 Bxf5 5. d4 Nc6 6. d5 Nb4 7. Nd4 Qd7 8. Bb5
c6 9. dxc6 bxc6 10. Ba4 Rc8 11. O-O e5 12. Nxf5 Qxf5 13. c4 Be7 14. Nc3 O-O 15.
a3 Na6 16. b4 Kh8 17. Qe2 Nc7 18. Bxc6 Ne6 19. Bd5 Nd4 20. Qd1 Bd8 21. Ra2 Bb6
22. Be3 Nxd5 23. Nxd5 Rxc4 24. Nxb6 axb6 25. Rd2 Qe4 26. Bxd4 Rxd4 27. Rxd4 exd4
28. Qd2 h6 29. h3 Ra8 30. Re1 Qd5 31. Qd3 Kg8 32. Re7 Qg5 33. Re1 Qd5 34. Rd1
b5 35. Qxd4 Qxd4 36. Rxd4 Rxa3 37. Rxd6 Rb3 38. Rd4 Kf7 39. Re4 Kf6 40. h4 Kf5
41. f3 h5 42. Kf2 g6 43. g4+ hxg4 44. Rxg4 Kf6 45. Kg3 Rb1 46. Re4 Kf5 47. Rf4+
Ke5 48. Rg4 Kf6 49. Rd4 Ke5 50. Re4+ Kf5 51. Rf4+ Ke5 1/2-1/2

[Event "XLI MIEDZYNARODOWY MEMORIAL LUDWIKA ZAMENHOFA 2022 - open A"]
[Site "Bialystok"]
[Date "1899-12-30"]
[Round "5.21"]
[White "Indriunas, Matas"]
[Black "Posaskov, Nikita"]
[Result "1/2-1/2"]
[WhiteTitle "FM"]
[BlackTitle "k"]
[WhiteElo "2253"]
[BlackElo "2061"]

1. e4 e6 2. d4 d5 3. Nc3 Nf6 4. e5 Nfd7 5. Nce2 c5 6. c3 Nc6 7. Nf3 Qb6 8. a3 c4
9. Nf4 h6 10. h4 Be7 11. Rh3 g6 12. Nd2 Na5 13. Qa4 Qc6 14. Qc2 Nf8 15. h5 g5
16. Ne2 Bd7 17. Rf3 Rg8 18. g4 Rg7 19. Ng3 Qa4 20. Qb1 Nb3 21. Nxb3 Qxb3 22. Be2
Ba4 23. Nf1 Qc2 24. Ne3 Qxb1 25. Rxb1 a5 26. Bd1 Bxd1 27. Kxd1 a4 28. Kc2 Nd7
29. Bd2 f6 30. exf6 Nxf6 31. Rh3 Bd6 32. f3 Kd7 33. Nf1 Rf8 34. Be3 1/2-1/2

[Event "XLI MIEDZYNARODOWY MEMORIAL LUDWIKA ZAMENHOFA 2022 - open A"]
[Site "Bialystok"]
[Date "1899-12-30"]
[Round "5.22"]
[White "Jarocka, Liwia"]
[Black "Rudzinska, Michalina"]
[Result "1/2-1/2"]
[WhiteTitle "FM"]
[BlackTitle "WFM"]
[WhiteElo "2143"]
[BlackElo "2256"]

1. e4 c6 2. d4 d5 3. e5 Bf5 4. Nf3 e6 5. Be2 c5 6. Be3 Qb6 7. Nc3 Nc6 8. O-O Qxb2
9. Qe1 cxd4 10. Bxd4 Nxd4 11. Nxd4 Bb4 12. Rb1 Bxc3 13. Rxb2 Bxe1 14. Rxe1 b6
15. h4 h5 16. Nxf5 exf5 17. c4 Ne7 18. Rd2 O-O-O 19. f4 dxc4 20. Rxd8+ Rxd8 21.
Bxc4 Nd5 22. Rc1 Kb7 23. Rd1 Kc6 24. a4 Kc5 25. Bb3 1/2-1/2

[Event "XLI MIEDZYNARODOWY MEMORIAL LUDWIKA ZAMENHOFA 2022 - open A"]
[Site "Bialystok"]
[Date "1899-12-30"]
[Round "5.23"]
[White "Nasuta, Grzegorz"]
[Black "Daniel, Damian"]
[Result "1-0"]
[WhiteTitle "GM"]
[BlackTitle "CM"]
[WhiteElo "2546"]
[BlackElo "2169"]

1. e4 c5 2. Nf3 e6 3. g3 Nc6 4. Bg2 a6 5. O-O Qc7 6. c3 Nf6 7. Qe2 d6 8. d4 Be7
9. dxc5 dxc5 10. e5 Nd7 11. Bf4 h6 12. h4 b6 13. Nbd2 Bb7 14. a4 Rd8 15. Rfe1
O-O 16. Qe3 Rfe8 17. Nc4 Nf8 18. Bxh6 gxh6 19. Qxh6 Nh7 20. Re4 Kh8 21. Ng5 Bxg5
22. hxg5 Rg8 23. Rh4 Rg7 24. Be4 Nd4 25. cxd4 Bxe4 26. Rxe4 cxd4 27. Nd6 d3 28.
Rc4 Qe7 29. Rd1 Qxg5 30. Qxg5 Nxg5 31. Rxd3 Kg8 32. f4 Nh7 33. Ne4 Rf8 34. Rc6
f6 35. Rxe6 fxe5 36. fxe5 Rg4 37. Re3 1-0

[Event "XLI MIEDZYNARODOWY MEMORIAL LUDWIKA ZAMENHOFA 2022 - open A"]
[Site "Bialystok"]
[Date "1899-12-30"]
[Round "5.24"]
[White "Maj, Pawel"]
[Black "Psyk, Radoslaw"]
[Result "1-0"]
[WhiteTitle "k"]
[BlackTitle "k++"]
[WhiteElo "2203"]
[BlackElo "2438"]

1. c4 e5 2. Nc3 d6 3. g3 Be7 4. Bg2 f5 5. d3 Nf6 6. Nf3 O-O 7. O-O Qe8 8. e3 Kh8
9. Rb1 Nc6 10. b4 a6 11. a4 Nd8 12. Ne1 Be6 13. Nd5 Nxd5 14. cxd5 Bd7 15. Ra1
c6 16. Qb3 Bf6 17. Ra2 a5 18. bxa5 cxd5 19. Bd2 e4 20. Nc2 Nc6 21. d4 Bc8 22.
Na3 Qg6 23. f4 exf3 24. Rxf3 Bg5 25. Nb5 Nxa5 26. Bxa5 Rxa5 27. h4 Be7 28. Rc2
Bd7 29. Rc7 Bxb5 30. axb5 Ra1+ 31. Kh2 Qe6 32. Rf2 b6 33. Bxd5 Qf6 34. Qb2 Re1
35. e4 Bd8 36. Rc8 Qe7 37. exf5 h6 38. Be6 Qb7 39. Rc6 Bf6 40. Qd2 Rb1 41. Qd3
Re1 42. Ra2 Kh7 43. d5 Ra8 44. Qc2 Rxa2 45. Qxa2 Ra1 46. Qc4 Bd8 47. Qg4 Qe7 48.
Qg6+ Kh8 49. f6 Ra2+ 50. Kh3 Qf8 51. fxg7+ Qxg7 52. Qe8+ Kh7 53. Bf5+ 1-0

[Event "XLI MIEDZYNARODOWY MEMORIAL LUDWIKA ZAMENHOFA 2022 - open A"]
[Site "Bialystok"]
[Date "1899-12-30"]
[Round "5.25"]
[White "Stremavicius, Pijus"]
[Black "Salna, Aleksandras"]
[Result "1-0"]
[WhiteTitle "FM"]
[BlackTitle "k"]
[WhiteElo "2369"]
[BlackElo "2191"]

1. g3 d5 2. Bg2 e5 3. d3 Nf6 4. Nf3 Bd6 5. O-O O-O 6. Nc3 c6 7. Bg5 h6 8. Bxf6
Qxf6 9. e4 d4 10. Ne2 Bg4 11. Nd2 Bb4 12. f3 Bxd2 13. Qxd2 Bd7 14. f4 c5 15. b4
b6 16. c4 dxc3 17. Nxc3 Nc6 18. bxc5 exf4 19. gxf4 Qd4+ 20. Kh1 bxc5 21. Ne2 Qb4
22. Qe3 Rad8 23. Rac1 Bg4 24. Nc3 Qd4 25. Qg3 Bc8 26. Rfd1 Nb4 27. Nb5 Qb2 28.
d4 a6 29. Rb1 Qxa2 30. Nc3 Qc4 31. Bf1 Qe6 32. d5 Qg4 33. Qf2 a5 34. Be2 Qh3 35.
Rbc1 Bg4 36. Bxg4 Qxg4 37. Rg1 Qh5 38. Rg3 f5 39. Rcg1 Rf7 40. Qxc5 Nd3 41. Rxd3
1-0

[Event "XLI MIEDZYNARODOWY MEMORIAL LUDWIKA ZAMENHOFA 2022 - open A"]
[Site "Bialystok"]
[Date "1899-12-30"]
[Round "5.26"]
[White "Golecki, Jan"]
[Black "Chyzy, Jakub"]
[Result "1/2-1/2"]
[WhiteTitle "k"]
[BlackTitle "FM"]
[WhiteElo "2152"]
[BlackElo "2247"]

1. e4 e5 2. Nf3 Nc6 3. Bb5 a6 4. Ba4 Nge7 5. O-O g6 6. c3 Bg7 7. d4 exd4 8. cxd4
b5 9. Bb3 O-O 10. Nc3 d6 11. h3 Na5 12. Bc2 c5 13. dxc5 dxc5 14. Qxd8 Rxd8 15.
Bg5 Re8 16. Rad1 Be6 17. Nd5 Nxd5 18. exd5 Bd7 19. b3 f6 20. Bd2 Nb7 21. Bc3 Kf7
22. Rfe1 Bf8 23. Re3 Bh6 24. Rxe8 Rxe8 25. a4 Nd6 26. axb5 axb5 27. Ra1 b4 28.
Ra7 Re7 29. Bxf6 Kxf6 30. Ra6 Re2 31. Bd3 Rb2 32. Rxd6+ Ke7 33. Rb6 Rxb3 34. Ne5
Rc3 35. d6+ Ke6 36. Nxd7 Rc1+ 37. Kh2 Bf4+ 38. g3 Bxd6 39. Nf8+ Kd5 40. Nxh7 c4
41. Bxg6 Bc5 42. Nf6+ Kd4 43. Rb7 c3 44. Nd7 Bd6 45. Rb6 Be7 46. Re6 b3 47. Re4+
Kd5 48. Rxe7 c2 49. Bxc2 bxc2 50. Nf6+ Kd6 51. Re2 Rh1+ 52. Kxh1 c1=Q+ 53. Kg2
Qc6+ 54. Ne4+ Ke5 55. f4+ Kf5 56. Kf3 Qa6 57. g4+ Kg6 58. Nf2 Qc6+ 59. Re4 Kh6
60. Kg3 Qc3+ 61. Kh4 Kg6 62. Re6+ Kf7 63. f5 Qh8+ 64. Kg5 Qd4 65. Ne4 Qe3+ 66.
Kh4 Kf8 67. Kh5 Qxh3+ 68. Kg5 Qh2 69. Nd6 Qb2 70. Re8+ Kg7 71. Re7+ 1/2-1/2

[Event "XLI MIEDZYNARODOWY MEMORIAL LUDWIKA ZAMENHOFA 2022 - open A"]
[Site "Bialystok"]
[Date "1899-12-30"]
[Round "5.27"]
[White "Mihov, Filip"]
[Black "Paprocki, Jaroslaw"]
[Result "1-0"]
[WhiteTitle "k"]
[BlackTitle "k++"]
[WhiteElo "2247"]
[BlackElo "2158"]

1. d4 Nf6 2. c4 e6 3. g3 d5 4. Nf3 dxc4 5. Bg2 c5 6. O-O Nc6 7. dxc5 Qd6 8. Qd2
Qxd2 9. Rd1 Bxc5 10. Nbxd2 c3 11. bxc3 O-O 12. Nb3 Be7 13. c4 Bd7 14. Bb2 Rfd8
15. Nfd4 Rac8 16. Nb5 Nb4 17. Nxa7 Rxc4 18. Na5 Rc2 19. Bxf6 Bxf6 20. Rab1 Nxa2
21. Nxb7 Ra8 22. Nc5 1-0

[Event "XLI MIEDZYNARODOWY MEMORIAL LUDWIKA ZAMENHOFA 2022 - open A"]
[Site "Bialystok"]
[Date "1899-12-30"]
[Round "5.28"]
[White "Kaczmarek, Arkadiusz"]
[Black "Janeczko, Jakub"]
[Result "0-1"]
[WhiteTitle "I++"]
[BlackTitle "I++"]
[WhiteElo "2141"]
[BlackElo "2247"]

1. d4 Nf6 2. c4 g6 3. Nc3 Bg7 4. e4 d6 5. Nf3 O-O 6. Be2 e5 7. Be3 exd4 8. Nxd4
Re8 9. f3 c6 10. Bf2 d5 11. exd5 cxd5 12. O-O Nc6 13. c5 Bf8 14. Kh1 Bd7 15. Qd2
Rc8 16. Nxc6 bxc6 17. a3 a5 18. Na4 Bf5 19. Nb6 Rb8 20. Rfe1 Nd7 21. b4 Nxb6 22.
cxb6 axb4 23. axb4 Rxb6 24. Ra4 Rb8 25. g4 Bd7 26. Rb1 Qf6 27. Kg2 Bd6 28. Bf1
h5 29. Ra7 Bxg4 30. Rb3 Bf4 31. Qd4 Be5 32. Qd2 Be6 33. Ra6 d4 34. Rba3 Qf5 35.
Kg1 Bd5 36. Bxd4 Bf4 37. Qc3 Qg5+ 38. Kh1 Qh4 39. Bg1 Re3 40. Qxe3 Bxe3 41. Rxe3
Rxb4 42. Ra8+ Kg7 43. Ra1 Rb3 44. Rxb3 Bxb3 45. Rc1 Bd5 46. Bg2 Qf4 47. Rc3 Qd2
48. Rc5 Qe1 49. Rc2 g5 50. h3 h4 51. Rc5 Kg6 52. Rc2 Kf5 53. Rc5 0-1

[Event "XLI MIEDZYNARODOWY MEMORIAL LUDWIKA ZAMENHOFA 2022 - open A"]
[Site "Bialystok"]
[Date "1899-12-30"]
[Round "5.29"]
[White "Baginskaite, Kamile"]
[Black "Luberanski, Jakub"]
[Result "0-1"]
[WhiteTitle "WGM"]
[BlackTitle "FM"]
[WhiteElo "2117"]
[BlackElo "2243"]

1. d4 d5 2. c4 c6 3. cxd5 cxd5 4. Nc3 Nf6 5. Bf4 Nc6 6. e3 a6 7. Bd3 g6 8. h3 Bg7
9. Nf3 O-O 10. O-O Bf5 11. Bxf5 gxf5 12. Ne5 Rc8 13. Rc1 e6 14. Na4 Nxe5 15. Bxe5
Ne4 16. f3 Rxc1 17. Qxc1 Nd6 18. Bf4 Qe7 19. Qc5 Rd8 20. Nb6 Bf8 21. Rc1 Qh4 22.
Qc7 Nb5 23. Qxb7 Nxd4 24. Qxa6 Bd6 25. Bxd6 Rxd6 26. Qc8+ Kg7 27. Qc3 Rc6 28.
exd4 Rxc3 29. bxc3 Qf4 0-1

[Event "XLI MIEDZYNARODOWY MEMORIAL LUDWIKA ZAMENHOFA 2022 - open A"]
[Site "Bialystok"]
[Date "1899-12-30"]
[Round "5.30"]
[White "Smolka, Marcin"]
[Black "Dzhuguryan, Tygran"]
[Result "1/2-1/2"]
[WhiteTitle "CM"]
[BlackTitle "k+"]
[WhiteElo "2217"]
[BlackElo "2134"]

1. e4 c6 2. d4 d5 3. e5 Bf5 4. h4 h6 5. g4 Bd7 6. Be3 h5 7. gxh5 Bf5 8. Bh3 Bxh3
9. Nxh3 e6 10. Ng5 Nh6 11. Nc3 Bb4 12. a3 Bxc3+ 13. bxc3 Nd7 14. a4 Nb6 15. Qf3
Nf5 16. Bc1 Nc4 17. Ba3 Qd7 18. Qg4 b6 19. Nf3 O-O-O 20. Nd2 Nxd2 21. Kxd2 Rh7
22. a5 b5 23. Bc5 a6 24. Rh3 Rdh8 25. Rah1 Rxh5 26. Kc1 Qd8 27. Bb6 Qf8 28. Bc5
Qg8 29. Kb2 R8h6 30. Ka3 Qh7 31. Kb3 Kd7 32. R3h2 Qh8 33. Rh3 g5 34. Ba3 Rxh4
35. Rxh4 Rxh4 36. Rxh4 gxh4 37. Qh3 Qh6 38. Qg4 Qg6 39. Qf3 Qg5 40. Bb2 Qh6 41.
Qg4 Qh7 42. Qh3 c5 43. dxc5 Kc6 44. Bc1 Qg6 45. Qf3 Qh7 46. Qh3 Qh5 47. Qg2 Qh7
48. Qh3 1/2-1/2

[Event "XLI MIEDZYNARODOWY MEMORIAL LUDWIKA ZAMENHOFA 2022 - open A"]
[Site "Bialystok"]
[Date "1899-12-30"]
[Round "5.31"]
[White "Lach, Aleksandra"]
[Black "Zalega, Maciej"]
[Result "0-1"]
[WhiteTitle "WIM"]
[BlackTitle "I++"]
[WhiteElo "2191"]
[BlackElo "2116"]

1. e4 c5 2. Nc3 Nc6 3. f4 g6 4. Nf3 Bg7 5. Bc4 e6 6. O-O d6 7. d4 Nxd4 8. Be3 Qb6
9. e5 Qb4 10. Nxd4 cxd4 11. Qxd4 Kf8 12. a3 Qb6 13. Qd3 Qd8 14. Bc5 Nh6 15. Bxd6+
Kg8 16. Ne4 Nf5 17. Rad1 h5 18. Rf3 b6 19. Rh3 Bb7 20. Ng5 Qc8 21. Bb3 a5 22.
Qc4 Bh6 23. Qb5 Bxg5 24. fxg5 Qd8 25. Qe2 Qxg5 26. Bc7 a4 27. Ba2 Kg7 28. Bxb6
Ra6 29. Bc5 Rc6 30. Bb4 Rhc8 31. c3 Ba6 32. Qd2 Qg4 33. Bb1 Rc4 34. Bxf5 Qxf5
35. Rf3 Qg4 36. Be7 Bb7 37. Bf6+ Kh7 38. Rf2 h4 39. h3 Qh5 40. Rdf1 Kg8 41. Rf4
Bd5 42. Kh2 g5 43. Rxc4 Rxc4 44. Bxg5 Re4 45. Rf2 Rxe5 46. Bf6 Re4 47. c4 Rxc4
48. Qa5 Qh6 49. Be7 Rf4 50. Rc2 Qg6 51. Rc8+ Kh7 52. Qc3 0-1

[Event "XLI MIEDZYNARODOWY MEMORIAL LUDWIKA ZAMENHOFA 2022 - open A"]
[Site "Bialystok"]
[Date "1899-12-30"]
[Round "5.32"]
[White "Lehaci, Miruna-daria"]
[Black "Wojdak, Jan"]
[Result "1-0"]
[WhiteTitle "WIM"]
[BlackTitle "k"]
[WhiteElo "2155"]
[BlackElo "2115"]

1. e4 Nc6 2. Nf3 d6 3. d4 Nf6 4. Nc3 g6 5. h3 Bg7 6. d5 Nb8 7. Be3 c6 8. Qd2 a6
9. a4 Qa5 10. Nd4 O-O 11. f3 Qc7 12. a5 cxd5 13. exd5 Nbd7 14. Nb3 Nh5 15. Kf2
Nc5 16. Na4 Nxa4 17. Rxa4 e5 18. g4 Nf4 19. Rc4 Qe7 20. h4 f5 21. g5 Nh5 22. Bb6
Rf7 23. Bg2 f4 24. Qb4 Ng3 25. Re1 Bf8 26. Nd2 h6 27. Rc7 Qe8 28. Rxf7 Qxf7 29.
Ne4 Nxe4+ 30. fxe4 Bg4 31. Bf3 Bxf3 32. Kxf3 Qd7 33. Bf2 Rc8 34. c3 Qh3+ 35. Ke2
Qg4+ 36. Kd2 Qg2 37. Qb6 Rc5 38. b4 Rb5 39. Qa7 hxg5 40. hxg5 Be7 41. Kc2 Bd8
42. Kb3 Bxa5 43. Qb8+ Kf7 44. Qxd6 Bxb4 45. Qf6+ Ke8 46. cxb4 Qxf2 47. Qxe5+ Kd7
48. Rc1 Qb6 49. Qg7+ Kd6 50. Qf6+ Kd7 51. Qf7+ Kd8 52. Qf8+ Kd7 53. Qc8+ Kd6 54.
Qe6# Kxd5 1-0